Dragons love tacos / (Record no. 3210)

MARC details
000 -LEADER
fixed length control field 01004cam a2200301 a 4500
005 - DATE AND TIME OF LATEST TRANSACTION
control field 20240219154110.0
020 ## - INTERNATIONAL STANDARD BOOK NUMBER
International Standard Book Number 9780545604260
040 ## - CATALOGING SOURCE
Original cataloging agency DLC
Transcribing agency DLC
Modifying agency DLC
Language of cataloging eng
050 00 - LIBRARY OF CONGRESS CALL NUMBER
Classification number PZ7.R83116
Item number 2012
082 00 - DEWEY DECIMAL CLASSIFICATION NUMBER
Classification number 813.6
100 1# - MAIN ENTRY--PERSONAL NAME
Personal name Rubin, Adam
Dates associated with a name 1983-
245 10 - TITLE STATEMENT
Title Dragons love tacos /
Statement of responsibility, etc. by Rubin, Adam ; illustrated by Salmieri, Daniel
250 ## - EDITION STATEMENT
Edition statement First Scholastic printing, September 2013
260 ## - PUBLICATION, DISTRIBUTION, ETC.
Place of publication, distribution, etc. New York :
Name of publisher, distributor, etc. Scholastic,
Date of publication, distribution, etc. 2012
300 ## - PHYSICAL DESCRIPTION
Extent 32 unnumbered pages :
Other physical details color illustrations ;
Dimensions 24 cm .
505 ## - FORMATTED CONTENTS NOTE
Formatted contents note K <br/>
520 ## - SUMMARY, ETC.
Summary, etc. Explores the love dragons have for tacos, and the dangers of feeding them them anything with spicy salsa.
521 ## - TARGET AUDIENCE NOTE
Target audience note 520 <br/>
Source Lexile <br/>
521 ## - TARGET AUDIENCE NOTE
Target audience note K <br/>
Source Raz-Plus <br/>
650 #1 - SUBJECT ADDED ENTRY--TOPICAL TERM
Topical term or geographic name entry element Dragons
Form subdivision Fiction
650 #1 - SUBJECT ADDED ENTRY--TOPICAL TERM
Topical term or geographic name entry element Tacos
Form subdivision Fiction
650 #1 - SUBJECT ADDED ENTRY--TOPICAL TERM
Topical term or geographic name entry element Food habits
Form subdivision Fiction
650 #1 - SUBJECT ADDED ENTRY--TOPICAL TERM
Topical term or geographic name entry element Humorous stories
700 1# - ADDED ENTRY--PERSONAL NAME
Personal name Salmieri, Daniel
Dates associated with a name 1983-
Relator term illustrator
906 ## - LOCAL DATA ELEMENT F, LDF (RLIN)
a 7
b cbc
c orignew
d 1
e ecip
f 20
g y-gencatlg
942 ## - ADDED ENTRY ELEMENTS (KOHA)
Source of classification or shelving scheme Dewey Decimal Classification
Koha item type Books
Suppress in OPAC No
999 ## -
-- 3210
-- 3210
Holdings
Withdrawn status Lost status Source of classification or shelving scheme Damaged status Not for loan Collection Home library Current library Shelving location Date acquired Total Checkouts Full call number Barcode Date last seen Date last checked out Price effective from Koha item type
    Dewey Decimal Classification     Juvenile Fiction Footprints International School Library Network Toul Kork Campus Footprints International School Library Network Toul Kork Campus   02/19/2024 1 RUB 813.6 PZ7.R83116 FISBK05276 04/08/2024 03/26/2024 02/19/2024 Books